| 000 | 00701cab a2200241 4500 | ||
|---|---|---|---|
| 001 | ABS47336 | ||
| 008 | 090401t1992 xxu||||| |||| 00| 0 eng d | ||
| 035 | _a(Sirsi) u61654 | ||
| 041 | _aeng | ||
| 100 | _aEdmonds, J. | ||
| 245 | _aTimeshare Act 1992 | ||
| 260 | _c1992 | ||
| 350 | _a0 | ||
| 490 |
_aSolicitors` Journal _v136(38) 2 October 1992, 974-975(2) |
||
| 520 | _aConsiders the provisions of the Timeshare Act 1992, the cooling off provisions of which come into force on 12 October. | ||
| 650 | _aCONSUMER CREDIT AGREEMENTS | ||
| 650 | _aNOTICES | ||
| 650 | _aREFUND | ||
| 650 | _aTIMESHARE ACT 1992 | ||
| 690 | _aPROPERTY LAW AND PRACTICE | ||
| 942 | _n0 | ||
| 948 | _c04/03/1997 | ||
| 999 |
_c38240 _d38240 |
||